北アルプス 表銀座 - Statistics

General Stats
  • This quiz has been taken 17 times
  • The average score is 3 of 5
Answer Stats
標高(m) 山名 % Correct
3180 槍ヶ岳
100%
2763 燕岳
73%
2922 大天井岳
73%
2758 西岳
53%
2768 赤岩岳
20%
No matching quizzes found
Score Distribution
Percent of People with Each Score
Percentile by Number Answered
Your Score History
You have not taken this quiz